Т. 1; Связь

Podrobná bibliografie
Parent link:Связь/ Академия наук СССР (АН СССР), Всесоюзный институт научной и технической информации (ВИНИТИ) ; гл. ред. П. В. Нестеров. Т. 1.— , 1988-1991.— 0235-2265
Další autoři: Мириманов Р. Г. (редактор)
Jazyk:ruština
Vydáno: 1988
Témata:
Médium: MixedMaterials Kniha
KOHA link:https://koha.lib.tpu.ru/cgi-bin/koha/opac-detail.pl?biblionumber=263662

MARC

LEADER 00000nam2a2200000 4500
001 263662
005 20231101233747.0
035 |a (RuTPU)RU\TPU\book\286650 
035 |a RU\TPU\book\286645 
090 |a 263662 
100 |a 20140610d1988 k y0rusy50 ca 
101 0 |a rus 
102 |a RU 
105 |a a z 001zy 
200 0 |a Т. 1  |f под ред. Р. Г. Мириманова 
210 |d 1988 
215 |a 164 с.  |c ил. 
320 |a Библиография в конце обзоров. 
461 1 |0 (RuTPU)RU\TPU\book\221306  |x 0235-2265  |t Связь  |f Академия наук СССР (АН СССР), Всесоюзный институт научной и технической информации (ВИНИТИ) ; гл. ред. П. В. Нестеров  |v Т. 1  |d 1988-1991  |s Связь 
606 1 |a Связь  |2 stltpush  |3 (RuTPU)RU\TPU\subj\54267  |9 72424 
610 1 |a волоконно-оптические кабели 
610 1 |a линии связи 
610 1 |a свет 
610 1 |a потери 
610 1 |a источники 
610 1 |a световоды 
610 1 |a дефекты 
610 1 |a одномодовые волокна 
610 1 |a сигналы 
610 1 |a формирование 
610 1 |a обработка 
675 |a 621.39  |v 3 
702 1 |a Мириманов  |b Р. Г.  |4 340 
801 1 |a RU  |b 63413507  |c 20110905 
801 2 |a RU  |b 63413507  |c 20150527  |g RCR 
942 |c BK